00478pab a2200157 454500008004000000100001800040245009700058260000900155300001400164362000800178650002900186650002600215650001400241700002000255773004500275180718b2009 xxu||||| |||| 00| 0 eng d aIslam, Mahnaz aEvidence of intrahousehold flypaper effects from a nutrition intervention in rural Guatemala c2009 ap.215-38. aJan aMalnutrition - Guatemala aNutrition - Guatemala aNutrition aHoddinott, John aEconomic Development and Cultural Change